000 00320nam a22001457a 4500
020 _a1-844428-121-3
082 _a823
_bCRE/N
100 _aCREBBIN, JUNE
245 _aNO TIGHTS FOR GEORGE
260 _aLONDON
_bWALKER BOOKS LTD
_c2005
300 _a56
520 _aSHORT STORY
650 _aSHORT STORY
942 _cBK
999 _c5794
_d5794